<?xml version="1.0" encoding="UTF-8"?>
<record
    xmlns:xsi="http://www.w3.org/2001/XMLSchema-instance"
    xsi:schemaLocation="http://www.loc.gov/MARC21/slim http://www.loc.gov/standards/marcxml/schema/MARC21slim.xsd"
    xmlns="http://www.loc.gov/MARC21/slim">

  <leader>00501nam a22001697a 4500</leader>
  <datafield tag="952" ind1=" " ind2=" ">
    <subfield code="0">0</subfield>
    <subfield code="1">0</subfield>
    <subfield code="2">ddc</subfield>
    <subfield code="4">0</subfield>
    <subfield code="7">0</subfield>
    <subfield code="8">DAIRY</subfield>
    <subfield code="a">MES</subfield>
    <subfield code="b">MES</subfield>
    <subfield code="c">DAIRY</subfield>
    <subfield code="d">2022-11-10</subfield>
    <subfield code="g">970.00</subfield>
    <subfield code="l">2</subfield>
    <subfield code="m">1</subfield>
    <subfield code="o">637.1 SIN/D</subfield>
    <subfield code="p">41920</subfield>
    <subfield code="r">2025-09-26 14:12:50</subfield>
    <subfield code="s">2025-09-22</subfield>
    <subfield code="t">1</subfield>
    <subfield code="w">2022-11-10</subfield>
    <subfield code="y">BK</subfield>
    <subfield code="z">U21R2</subfield>
  </datafield>
  <datafield tag="999" ind1=" " ind2=" ">
    <subfield code="c">41750</subfield>
    <subfield code="d">41750</subfield>
  </datafield>
  <controlfield tag="003">OSt</controlfield>
  <controlfield tag="005">20221105094921.0</controlfield>
  <controlfield tag="008">221105b           ||||| |||| 00| 0 eng d</controlfield>
  <datafield tag="020" ind1=" " ind2=" ">
    <subfield code="a">9789383382187</subfield>
  </datafield>
  <datafield tag="040" ind1=" " ind2=" ">
    <subfield code="c">oclc</subfield>
  </datafield>
  <datafield tag="082" ind1=" " ind2=" ">
    <subfield code="a">637.1</subfield>
    <subfield code="b">SIN/D</subfield>
  </datafield>
  <datafield tag="100" ind1=" " ind2=" ">
    <subfield code="9">9269</subfield>
    <subfield code="a">Singh, Parusuram</subfield>
  </datafield>
  <datafield tag="245" ind1=" " ind2=" ">
    <subfield code="a">Dairy science and technology /</subfield>
    <subfield code="c">Parasuram Singh</subfield>
  </datafield>
  <datafield tag="260" ind1=" " ind2=" ">
    <subfield code="a">New Delhi:</subfield>
    <subfield code="b">Rohit publications,</subfield>
    <subfield code="c">New Delhi.</subfield>
  </datafield>
  <datafield tag="300" ind1=" " ind2=" ">
    <subfield code="a">208 pages</subfield>
  </datafield>
  <datafield tag="942" ind1=" " ind2=" ">
    <subfield code="2">ddc</subfield>
    <subfield code="c">BK</subfield>
    <subfield code="h">637.1</subfield>
    <subfield code="i">SIN/D</subfield>
    <subfield code="k">637.1</subfield>
    <subfield code="m">SIN/D</subfield>
  </datafield>
</record>
